000 00332nam a2200145 i 4500
001 bg
100 1 _aLERE, Ż.
245 0 _aGiperboliceskie differencial'nye urawnenija /
_cŻ. Lere.
260 _aMoskwa,
_c1984.
040 _cBPK
041 _apol
080 _a517
942 _cKS
008 s pl f |000 0 pol
999 _c28222
_d28222